[Event "Mondiale Lampo FIDE 2019"]
[Site "Mosca"]
[Date "29.12.2019"]
[Round "11.64"]
[White "Drygalov, Sergey"]
[Black "Riazantsev, Alexander"]
[Result "1/2-1/2"]
[WhiteTitle "IM"]
[BlackTitle "GM"]
[WhiteElo "2473"]
[BlackElo "2639"]
[WhiteFideId "24171743"]
[BlackFideId "4125029"]
[EventDate "2019.12.29"]

1. d4 Nf6 2. Nf3 d5 3. c4 e6 4. Nc3 Bb4 5. Qa4+ Nc6 6. e3 O-O 7. Qc2 Bd6 8. h3
a6 9. a3 dxc4 10. Bxc4 e5 11. O-O h6 12. Rd1 exd4 13. exd4 Bd7 14. Re1 Qc8 15.
Bxh6 Bf5 16. Qd2 gxh6 17. Qxh6 Nh7 18. Ne4 Be7 19. Ng3 Kh8 20. d5 Na5 21. Ba2
Bf6 22. Nxf5 Qxf5 23. Bb1 Bg7 24. Qxg7+ Kxg7 25. Bxf5 Nf6 26. b4 Nc4 27. Rac1
Nd6 28. Bb1 Rac8 29. Re5 Nd7 30. Rg5+ Kf6 31. Rg4 Rfe8 32. Bd3 Nb6 33. Rd4 Re7
34. g4 Kg7 35. h4 Rh8 36. h5 Ne8 37. Kg2 Nc8 38. Kg3 Ncd6 39. Re1 Rxe1 40. Nxe1
Nf6 41. Nf3 Re8 42. h6+ Kg8 43. g5 Nd7 44. g6 fxg6 45. Bxg6 Rf8 46. Rf4 Nf6 47.
Ng5 Kh8 48. Ne6 Rg8 49. Rxf6 Ne4+ 50. Kf4 Nxf6 51. Be4 Ne8 52. Ng5 Rf8+ 53. Kg3
Nd6 54. Bd3 a5 55. b5 Re8 56. Ne6 c6 57. bxc6 bxc6 58. Ng7 Rc8 59. dxc6 Rxc6 60.
Kf4 Rc3 61. Bg6 Rxa3 62. Ne6 Rh3 63. Kg5 a4 64. Nf4 Rh1 65. Bc2 Nf7+ 66. Kf6
Nxh6 67. Ng6+ Kg8 68. Bxa4 Ng4+ 69. Kg5 Nxf2 70. Kf6 Ne4+ 71. Ke5 Nc5 72. Bc6
Re1+ 73. Kd6 Nd3 74. Bb5 Nf2 75. Ne7+ Kg7 76. Nd5 Ne4+ 77. Kd7 Rd1 78. Ke6 Nc5+
79. Ke5 Re1+ 80. Kd4 Nb7 81. Nf4 Nd6 82. Bd3 Ra1 83. Ne6+ Kf6 84. Nc5 Nf7 85.
Ne4+ Ke7 86. Nc5 Rh1 87. Ne4 Rh4 88. Ke3 Ne5 89. Be2 Rh3+ 90. Kf4 Nc6 91. Ng5
Ra3 92. Bf3 Nd4 93. Be4 Ra4 94. Ke3 Nb5 95. Nf3 Nd6 96. Bd5 Ra3+ 97. Kf4 Kf6 98.
Nd2 Ra4+ 99. Ne4+ Ke7 100. Ke5 Nc8 101. Nc3 Ra1 102. Be4 Re1 103. Kd4 Nd6 104.
Nd5+ Kd7 105. Bd3 Ra1 106. Nc3 Kc6 107. Ne4 Nf5+ 108. Ke5 Ne3 109. Kd4 Ng4 110.
Nc3 Rh1 111. Be4+ Kd6 112. Bxh1 Nf6 113. Bg2 Ke6 114. Nb5 Ke7 115. Bh3 Nd7 116.
Kd5 Nf6+ 117. Kc6 Ne4 118. Bg2 Nf6 119. Nd4 Ng4 120. Bh3 Nf6 121. Kc5 Ne4+ 122.
Kd5 Nf6+ 123. Ke5 Nd7+ 124. Bxd7 Kxd7 125. Ke4 1/2-1/2

[Event "Mondiale Lampo FIDE 2019"]
[Site "Mosca"]
[Date "29.12.2019"]
[Round "11.65"]
[White "Kovalev, Vladislav"]
[Black "Popov, Ivan RUS"]
[Result "0-1"]
[WhiteTitle "GM"]
[BlackTitle "GM"]
[WhiteElo "2662"]
[BlackElo "2636"]
[WhiteFideId "13504398"]
[BlackFideId "4170350"]
[EventDate "2019.12.29"]

1. e4 d5 2. exd5 Qxd5 3. Nc3 Qa5 4. d4 Nf6 5. Nf3 c6 6. Bc4 Bf5 7. O-O e6 8. Re1
Be7 9. Ne5 Nbd7 10. Bf4 Rd8 11. Qe2 Nxe5 12. Bxe5 O-O 13. h3 Nd7 14. Bg3 Nb6 15.
Rad1 Nxc4 16. Qxc4 Bxc2 17. Rd2 Bg6 18. a3 Bf6 19. b4 Qg5 20. Red1 Rd7 21. Ne2
Rfd8 22. Nf4 Be4 23. Qc3 Bd5 24. Nd3 Bxd4 25. Qxd4 Bb3 26. Qc3 Bxd1 27. Rxd1 Qf5 0-1

[Event "Mondiale Lampo FIDE 2019"]
[Site "Mosca"]
[Date "29.12.2019"]
[Round "11.66"]
[White "Yilmaz, Mustafa"]
[Black "Belov, Vladimir"]
[Result "1-0"]
[WhiteTitle "GM"]
[BlackTitle "GM"]
[WhiteElo "2604"]
[BlackElo "2598"]
[WhiteFideId "6302718"]
[BlackFideId "4132394"]
[EventDate "2019.12.29"]

1. e4 c6 2. d4 d5 3. exd5 cxd5 4. Bd3 Nc6 5. c3 Nf6 6. Bf4 Bg4 7. Ne2 e6 8. O-O
Bd6 9. Bxd6 Qxd6 10. Qe1 Bh5 11. Nd2 O-O 12. Ng3 Bg6 13. Bxg6 hxg6 14. Nf3 b5
15. Ne5 Rab8 16. a3 a5 17. b4 Nd7 18. Nd3 Nb6 19. Qe2 a4 20. h4 Nc4 21. f4 Ne7
22. h5 Nf5 23. Rf3 gxh5 24. Nxh5 g6 25. Rh3 f6 26. g4 Ne7 27. g5 fxg5 28. fxg5
e5 29. Nf6+ Rxf6 30. gxf6 Qxf6 31. Nxe5 Nf5 32. Nxc4 dxc4 33. Re1 Qg5+ 34. Qg2
Qf6 35. Qd5+ Kf8 36. Qc5+ Kg8 37. Qc7 Qg5+ 38. Kh1 Rd8 39. Qh7+ Kf8 40. Qh8+ Kf7
41. Rh7+ 1-0

[Event "Mondiale Lampo FIDE 2019"]
[Site "Mosca"]
[Date "29.12.2019"]
[Round "11.67"]
[White "Kezin, Roman"]
[Black "Rychagov, Andrey"]
[Result "1-0"]
[WhiteTitle "IM"]
[BlackTitle "GM"]
[WhiteElo "2470"]
[BlackElo "2545"]
[WhiteFideId "24124621"]
[BlackFideId "4119932"]
[EventDate "2019.12.29"]

1. d4 d5 2. c4 e6 3. Nf3 Nf6 4. g3 Be7 5. Bg2 O-O 6. O-O c6 7. Qc2 b6 8. Nbd2
Bb7 9. e4 Nbd7 10. e5 Ne8 11. cxd5 cxd5 12. Re1 Rc8 13. Qa4 Bc6 14. Qd1 b5 15.
h4 b4 16. Nf1 Bb5 17. Bf4 Nb6 18. b3 Nc7 19. Ne3 Be8 20. h5 Nb5 21. Nh2 f5 22.
exf6 Bxf6 23. h6 Bxd4 24. Qg4 Qf6 25. Rad1 Bg6 26. hxg7 Qxg7 27. Qxe6+ Bf7 28.
Qh3 Rfe8 29. Nf5 Qf6 30. Ng4 Qd8 31. Rxe8+ Bxe8 32. Nxd4 Nxd4 33. Rxd4 Bd7 34.
Nh6+ Kf8 35. Bd6+ Kg7 36. Be5+ Kf8 37. Rf4+ 1-0

[Event "Mondiale Lampo FIDE 2019"]
[Site "Mosca"]
[Date "29.12.2019"]
[Round "11.68"]
[White "Kazakouski, Valery"]
[Black "Bosiocic, Marin"]
[Result "0-1"]
[WhiteTitle "IM"]
[BlackTitle "GM"]
[WhiteElo "2485"]
[BlackElo "2623"]
[WhiteFideId "13507443"]
[BlackFideId "14507927"]
[EventDate "2019.12.29"]

1. d4 Nf6 2. Nf3 e6 3. c4 d5 4. g3 Bb4+ 5. Bd2 Be7 6. Bg2 c6 7. Qc2 Nbd7 8. O-O
b6 9. Bf4 Bb7 10. Ne5 Rc8 11. Nc3 O-O 12. Rfd1 Nxe5 13. Bxe5 Nd7 14. Bf4 dxc4
15. Qa4 b5 16. Qxa7 Ba8 17. h4 Nf6 18. e4 Qe8 19. a3 h6 20. Rac1 Qd8 21. Qa6 Nd7
22. a4 Nb8 23. Qxa8 b4 24. Ne2 Qb6 25. d5 Na6 26. Qxc8 Rxc8 27. d6 Bd8 28. Rxc4
c5 29. e5 Nb8 30. Nc1 Nd7 31. Nd3 b3 32. Rdc1 Qa6 33. Bf1 Qa7 34. Bg2 Bb6 35.
Bf3 Bd8 36. Be3 Bb6 37. R1c3 Qa6 38. Be2 Ba5 39. Rc1 Bb6 40. f4 Qa7 41. Nf2 f6
42. Bg4 Kf7 43. Nd3 fxe5 44. fxe5 Re8 45. Rf1+ Kg8 46. Bh5 Rf8 47. Bf4 g5 48.
hxg5 hxg5 49. Bxg5 Rxf1+ 50. Kxf1 Qa6 51. Rc3 Nxe5 52. Be2 Nxd3 53. Bxd3 Qb7 54.
Bf4 Qf3+ 55. Ke1 Ba5 56. Kd2 Bxc3+ 57. Kxc3 Qd5 58. Bc4 Qd4+ 59. Kxb3 Kf7 60. a5
Qd1+ 61. Kc3 Qe1+ 62. Bd2 Qe5+ 63. Kb3 Qxd6 64. a6 Qc7 65. Ka4 Qc6+ 66. Ka5 Ke7
67. Bc3 Kd8 68. Bb5 Kc8 69. Ka4 Qc7 70. Ba5 Kb8 71. Bc3 Ka7 72. Bc4 e5 73. b3 e4 0-1

[Event "Mondiale Lampo FIDE 2019"]
[Site "Mosca"]
[Date "29.12.2019"]
[Round "11.69"]
[White "Deviatkin, Andrei"]
[Black "Nozdrachev, Vladislav"]
[Result "0-1"]
[WhiteTitle "GM"]
[BlackTitle "IM"]
[WhiteElo "2436"]
[BlackElo "2494"]
[WhiteFideId "4121260"]
[BlackFideId "24113441"]
[EventDate "2019.12.29"]

1. d4 Nf6 2. Nf3 d5 3. c4 e6 4. e3 Be7 5. Nc3 O-O 6. b3 b6 7. Bb2 Bb7 8. Be2
Nbd7 9. O-O a6 10. Ne5 c5 11. Nxd7 Qxd7 12. dxc5 bxc5 13. cxd5 exd5 14. Bf3 Rfd8
15. Ne2 a5 16. Rc1 Ne4 17. Qc2 Ng5 18. Bh5 g6 19. f4 Ne4 20. Bf3 Qe6 21. f5 Qxf5
22. h3 Qe6 23. Nf4 Qf5 24. Bg4 Qg5 25. Rce1 Bf6 26. Bxf6 Nxf6 27. Bf3 Rac8 28.
Qc3 d4 29. Qxa5 Bxf3 30. Rxf3 d3 31. Qd2 Ne4 32. Qb2 c4 33. bxc4 d2 34. Rd1 Rxc4
35. Ne2 Qc5 36. Nd4 Rc1 37. Rff1 Rc8 38. Nb3 Qxe3+ 39. Kh2 Qg3+ 40. Kg1 Rxd1 41.
Rxd1 Qe3+ 42. Kh2 Qg3+ 43. Kg1 Qe1+ 44. Kh2 Qxd1 45. Qe5 Qe1 46. Nxd2 Qxd2 47.
Qxe4 Qd6+ 0-1

[Event "Mondiale Lampo FIDE 2019"]
[Site "Mosca"]
[Date "29.12.2019"]
[Round "11.70"]
[White "Sanal, Vahap"]
[Black "Tregubov, Pavel V."]
[Result "1-0"]
[WhiteTitle "GM"]
[BlackTitle "GM"]
[WhiteElo "2549"]
[BlackElo "2588"]
[WhiteFideId "6300545"]
[BlackFideId "4115341"]
[EventDate "2019.12.29"]

1. e4 e5 2. d4 exd4 3. Nf3 Bb4+ 4. c3 dxc3 5. bxc3 Bc5 6. Bb2 d6 7. c4 Nf6 8.
Bd3 O-O 9. O-O Bg4 10. h3 Bh5 11. Nbd2 Nc6 12. Qb3 Rb8 13. Rae1 Re8 14. Bc3 Ne5
15. Nxe5 dxe5 16. Bc2 Bd4 17. Nb1 c5 18. Bd2 a6 19. a4 b6 20. Nc3 Qd7 21. Bg5
Re6 22. Nd5 Nxd5 23. exd5 Rd6 24. Kh1 b5 25. f4 f6 26. fxe5 Bxe5 27. Bf5 Qd8 28.
Be6+ Kh8 29. Rxe5 fxg5 30. axb5 axb5 31. cxb5 h6 32. Ref5 Bg6 33. R5f2 Kh7 34.
Qc3 Qb6 35. Rf8 Rxf8 36. Rxf8 Qxb5 37. Qe5 Ra6 38. Bg8+ Kh8 39. Qe7 Qb1+ 40. Kh2
Ra1 41. Bf7+ Kh7 42. Rh8+ 1-0

[Event "Mondiale Lampo FIDE 2019"]
[Site "Mosca"]
[Date "29.12.2019"]
[Round "11.71"]
[White "Ismagambetov, Anuar"]
[Black "Inarkiev, Ernesto"]
[Result "0-1"]
[WhiteTitle "GM"]
[BlackTitle "GM"]
[WhiteElo "2528"]
[BlackElo "2663"]
[WhiteFideId "13701525"]
[BlackFideId "4162722"]
[EventDate "2019.12.29"]

1. e4 e5 2. Nf3 Nc6 3. Nc3 Nf6 4. g3 Bc5 5. Bg2 d6 6. d3 a6 7. h3 h6 8. Be3 Bxe3
9. fxe3 Nh7 10. Qe2 Ne7 11. O-O-O c6 12. Nh4 g5 13. Nf3 Be6 14. h4 g4 15. Nd2
Qc7 16. d4 O-O-O 17. d5 Bd7 18. Rhf1 f6 19. dxc6 Qxc6 20. Nd5 Nxd5 21. exd5 Qa4
22. Kb1 Kb8 23. Be4 Rc8 24. b3 Qa5 25. Bxh7 Rxh7 26. Rxf6 Rxc2 27. Kxc2 Qxa2+
28. Kd3 Bb5+ 29. Nc4 Qxb3+ 30. Ke4 Bxc4 31. Qd2 Qa4 32. Kf5 Qd7+ 33. Ke4 Rh8 34.
Qb4 Be2 35. Rb1 Qh7+ 0-1

[Event "Mondiale Lampo FIDE 2019"]
[Site "Mosca"]
[Date "29.12.2019"]
[Round "11.72"]
[White "Tengis, Tsog-Ochir"]
[Black "Gasanov, Eldar"]
[Result "0-1"]
[WhiteTitle "FM"]
[BlackTitle "GM"]
[WhiteElo "2190"]
[BlackElo "2481"]
[WhiteFideId "4902718"]
[BlackFideId "14104466"]
[EventDate "2019.12.29"]

1. Nf3 c5 2. c4 Nc6 3. g3 g6 4. Bg2 Bg7 5. Nc3 d6 6. O-O e6 7. b3 Nge7 8. Bb2
O-O 9. e3 e5 10. d4 exd4 11. exd4 Bg4 12. dxc5 dxc5 13. Qc1 Nf5 14. Nd5 Bxf3 15.
Bxf3 Nfd4 16. Bd1 Re8 17. Qd2 Qd6 18. Bc3 Re6 19. Re1 Rae8 20. Rxe6 fxe6 21. Nf4
Nf3+ 22. Bxf3 Qxd2 23. Bxd2 Bxa1 24. Kg2 Kg7 25. a3 Kf6 26. b4 cxb4 27. axb4 Rb8
28. b5 Ne5 29. Be2 b6 30. Bb4 Rc8 31. g4 Nxc4 32. Nd3 Ne5 33. Nf4 g5 34. Nh5+
Kf7 35. h4 gxh4 36. f4 Ng6 37. f5 Rc2 38. fxg6+ hxg6 39. Nf4 g5 40. Nh3 Rxe2+
41. Kf3 Rb2 42. Nxg5+ Kg6 0-1

[Event "Mondiale Lampo FIDE 2019"]
[Site "Mosca"]
[Date "29.12.2019"]
[Round "11.73"]
[White "Turov, Maxim"]
[Black "Gukesh, D"]
[Result "1-0"]
[WhiteTitle "GM"]
[BlackTitle "GM"]
[WhiteElo "2574"]
[BlackElo "2547"]
[WhiteFideId "4120086"]
[BlackFideId "46616543"]
[EventDate "2019.12.29"]

1. d4 Nf6 2. Nf3 d5 3. c4 e6 4. Nc3 Bb4 5. Qa4+ Nc6 6. Bg5 h6 7. Bxf6 Qxf6 8. e3
O-O 9. Rd1 Bd7 10. Qb3 dxc4 11. Bxc4 Qe7 12. Be2 Na5 13. Qc2 c5 14. a3 Bxc3+ 15.
Qxc3 b6 16. dxc5 Ba4 17. Rd4 Bc6 18. cxb6 axb6 19. O-O Rfc8 20. Qb4 Qa7 21. Ne5
Qc7 22. Qd6 Qb7 23. Nxc6 Rxc6 24. Qd7 Rc7 25. Qb5 Nc6 26. Rd6 Ra5 27. Qd3 g6 28.
Bf3 Ne5 29. Rd8+ Kg7 30. Qd4 Qa7 31. Ra8 Qxa8 32. Bxa8 Rc4 33. Qd8 1-0

[Event "Mondiale Lampo FIDE 2019"]
[Site "Mosca"]
[Date "29.12.2019"]
[Round "11.74"]
[White "Lobanov, Sergei"]
[Black "Vallejo Pons, Francisco"]
[Result "0-1"]
[WhiteTitle "IM"]
[BlackTitle "GM"]
[WhiteElo "2504"]
[BlackElo "2704"]
[WhiteFideId "24183750"]
[BlackFideId "2205530"]
[EventDate "2019.12.29"]

1. e4 e6 2. d4 d5 3. Nc3 Bb4 4. e5 c5 5. a3 Bxc3+ 6. bxc3 Qa5 7. Bd2 Qa4 8. Qg4
Kf8 9. Qd1 Ne7 10. Nf3 b6 11. dxc5 bxc5 12. c4 Ba6 13. cxd5 Bxf1 14. Kxf1 Nxd5
15. g3 Nd7 16. Kg2 h6 17. Rb1 g5 18. h3 Kg7 19. Qe2 Qxc2 20. Rhc1 Qg6 21. Rb7
Rhd8 22. Ba5 N5b6 23. Rd1 c4 24. Rd6 Rdc8 25. Rdxd7 Nxd7 26. Rxd7 c3 27. Rd1 Rc6
28. Bb4 c2 29. Rc1 Rac8 30. Be7 Rc4 31. Bf6+ Kh7 32. Qe3 R8c7 33. Kf1 a5 34. Nd2
Rc3 35. Qd4 Rd3 36. Qb6 Rxd2 37. Qxc7 Rd1+ 38. Ke2 Qd3# 0-1

[Event "Mondiale Lampo FIDE 2019"]
[Site "Mosca"]
[Date "29.12.2019"]
[Round "11.75"]
[White "Jumabayev, Rinat"]
[Black "Moiseenko, Vadim"]
[Result "1-0"]
[WhiteTitle "GM"]
[BlackTitle "GM"]
[WhiteElo "2646"]
[BlackElo "2526"]
[WhiteFideId "13702661"]
[BlackFideId "4123700"]
[EventDate "2019.12.29"]

1. e4 e5 2. Nf3 Nc6 3. Bc4 Nf6 4. d3 Be7 5. O-O O-O 6. Re1 d6 7. a4 Kh8 8. a5 a6
9. h3 Ng8 10. Nc3 f5 11. Nd5 Nf6 12. c3 Nxd5 13. Bxd5 Bf6 14. b4 Qe8 15. Ra2 Ne7
16. Bc4 Qg6 17. Kh1 c6 18. Bb3 d5 19. exd5 e4 20. dxe4 fxe4 21. Nd4 Nxd5 22.
Bxd5 cxd5 23. f4 Bh4 24. Rf1 Bd7 25. Be3 Rac8 26. Qd2 Bg3 27. Rc2 Rf7 28. Ne2
Ba4 29. Rcc1 Bb5 30. Nxg3 Qxg3 31. Qf2 Qg6 32. Rfd1 Bc4 33. Kh2 h6 34. Rd4 Kh7
35. g4 Rfc7 36. f5 Qf7 37. Qf4 Bd3 38. Qe5 Bc4 39. Kg3 Bb3 40. Rd2 Re8 41. Qf4
Rec8 42. Bd4 Bc4 43. Rf2 Bd3 44. h4 Rc6 45. g5 Kg8 46. g6 Qe8 47. h5 Bb5 48. f6
gxf6 49. Qxh6 Qe7 50. Qf4 Bd3 51. h6 e3 52. Qxe3 Qxe3+ 53. Bxe3 Bxg6 54. Bd4 Kf7
55. Rcf1 Rxc3+ 56. Bxc3 Rxc3+ 57. Rf3 Rc6 58. Rh1 Kg8 59. Rh4 Be4 60. Rff4 Kh7
61. Rfg4 Rc3+ 62. Kf2 Bg6 1-0

[Event "Mondiale Lampo FIDE 2019"]
[Site "Mosca"]
[Date "29.12.2019"]
[Round "11.76"]
[White "Reshetnikov, Alexey"]
[Black "Bologan, Victor"]
[Result "1/2-1/2"]
[WhiteTitle "IM"]
[BlackTitle "GM"]
[WhiteElo "2492"]
[BlackElo "2574"]
[WhiteFideId "4162080"]
[BlackFideId "13900048"]
[EventDate "2019.12.29"]

1. e4 d6 2. d4 Nf6 3. Nc3 e5 4. Nf3 Nbd7 5. Bc4 Be7 6. O-O O-O 7. Re1 c6 8. a4
exd4 9. Nxd4 Nc5 10. a5 Re8 11. Bf4 Bf8 12. Qf3 Bg4 13. Qg3 Be6 14. Nxe6 Nxe6
15. Bd2 d5 16. exd5 cxd5 17. Bb5 Bd6 18. Qh4 Re7 19. a6 bxa6 20. Bxa6 Rb8 21. b3
Rb4 22. Qh3 Bf4 23. Bxf4 Nxf4 24. Qf3 g6 25. Bf1 Rxe1 26. Rxe1 Ne6 27. Nb5 a5
28. Rd1 Kg7 29. Qc3 Qb6 30. Rxd5 Rf4 31. Rd2 Ng5 32. Nd6 Qb4 33. Ne8+ Kf8 34.
Qxb4+ axb4 35. Nxf6 Rxf6 36. Rd8+ Ke7 37. Rb8 Rf4 38. Bc4 Rd4 39. g3 Rd2 40.
Rxb4 Rxc2 41. Rb7+ Kd6 42. h4 Nh3+ 43. Kg2 Nxf2 44. Rxf7 Ng4+ 45. Kg1 Rc1+ 46.
Rf1 Rc3 47. Rd1+ Ke5 48. Rd3 Rc1+ 49. Kg2 Ke4 50. Rd2 Ne3+ 51. Kf2 Nxc4 52. bxc4
Rxc4 53. Re2+ Kf5 54. Kg2 h5 55. Kh3 1/2-1/2

[Event "Mondiale Lampo FIDE 2019"]
[Site "Mosca"]
[Date "29.12.2019"]
[Round "11.77"]
[White "Geller, Jakov"]
[Black "Utegaliyev, Azamat"]
[Result "1-0"]
[WhiteTitle "GM"]
[WhiteElo "2521"]
[BlackElo "2502"]
[WhiteFideId "4151984"]
[BlackFideId "13702467"]
[EventDate "2019.12.29"]

1. e4 d5 2. exd5 Qxd5 3. Nc3 Qd6 4. d4 c6 5. Nf3 Bg4 6. Be3 Nf6 7. h3 Bh5 8. g4
Bg6 9. Ne5 Nbd7 10. Nxg6 hxg6 11. Bg2 Nb6 12. Qe2 Nbd5 13. Nxd5 Nxd5 14. O-O-O
e6 15. Kb1 Be7 16. Bc1 Nf4 17. Qf3 Nxg2 18. Qxg2 Qd5 19. Qg3 O-O-O 20. Rhe1 Bd6
21. Bf4 Bxf4 22. Qxf4 Rd7 23. Rd3 Qd6 24. Qf3 Rhd8 25. a3 Qd5 26. Qf4 Qd6 27.
Qf3 Qc7 28. h4 Rxd4 29. Rxd4 Rxd4 30. h5 g5 31. Qc3 Qd6 32. Ka2 f6 33. f3 e5 34.
Re3 Qd5+ 35. b3 a5 36. Kb2 a4 37. bxa4 Rxa4 38. Qe1 Rd4 39. Rb3 Rd1 40. Qb4 Qd4+
41. Qxd4 Rxd4 42. Kc3 Rf4 43. Kd2 e4 44. fxe4 Rxg4 45. e5 f5 46. Rd3 Re4 47. Rd6
Rxe5 48. Rg6 Re7 49. Rxg5 Rf7 50. Ke3 Kd7 51. Rg6 Ke7 52. Kf4 Kd7 53. a4 b6 54.
c3 Kc7 55. Rg5 Kd6 56. Rxf5 Re7 57. Rg5 Rf7+ 58. Rf5 Re7 59. Rg5 Ra7 60. Kf5
Rxa4 61. Rxg7 Rc4 62. Rg3 Rh4 63. Kg5 Rh2 64. h6 Kc5 65. Rg4 Rf2 66. h7 Rf8 67.
Rh4 Rh8 68. Kf6 b5 69. Kg7 Rd8 70. h8=Q Rxh8 71. Kxh8 Kd5 72. Kg7 c5 73. Kf6 1-0

[Event "Mondiale Lampo FIDE 2019"]
[Site "Mosca"]
[Date "29.12.2019"]
[Round "11.78"]
[White "Krsnik Cohar, Ivan Vihor"]
[Black "Tsoi, Dmitry"]
[Result "0-1"]
[WhiteTitle "FM"]
[BlackTitle "FM"]
[WhiteElo "2313"]
[BlackElo "2321"]
[WhiteFideId "14520044"]
[BlackFideId "24194697"]
[EventDate "2019.12.29"]

1. c4 f5 2. g3 Nf6 3. Bg2 e6 4. Nc3 Be7 5. d4 d5 6. b3 c6 7. Bb2 O-O 8. e3 Nbd7
9. Nge2 Ne4 10. O-O Bd6 11. f3 Nxc3 12. Nxc3 Qe7 13. e4 fxe4 14. fxe4 dxc4 15.
bxc4 e5 16. d5 Bc5+ 17. Kh1 Bd4 18. Na4 c5 19. Bxd4 exd4 20. Qe2 Rxf1+ 21. Rxf1
Ne5 22. Nb2 Bg4 23. Qc2 Rf8 24. Rf4 g5 25. Rf2 Rxf2 26. Qxf2 Qf7 27. Qxf7+ Kxf7
28. Kg1 b5 29. h3 Be2 30. Bf1 Bxc4 31. Nxc4 bxc4 32. Kf2 c3 33. Ke2 c4 34. Kd1
d3 35. Bg2 h5 36. Bf1 Ke7 37. Bg2 Kd6 38. Bf1 Kc5 39. Bg2 Kd4 40. Kc1 Ke3 41.
Kd1 c2+ 42. Kc1 Ke2 0-1

[Event "Mondiale Lampo FIDE 2019"]
[Site "Mosca"]
[Date "29.12.2019"]
[Round "11.79"]
[White "Piorun, Kacper"]
[Black "Novikov, Stanislav"]
[Result "1/2-1/2"]
[WhiteTitle "GM"]
[BlackTitle "GM"]
[WhiteElo "2611"]
[BlackElo "2531"]
[WhiteFideId "1130420"]
[BlackFideId "4125371"]
[EventDate "2019.12.29"]

1. e4 c5 2. Nf3 a6 3. c3 d5 4. exd5 Qxd5 5. d4 e6 6. Bd3 Nf6 7. O-O Nc6 8. Re1
Be7 9. dxc5 Bxc5 10. h3 h6 11. Qe2 O-O 12. Nbd2 Rd8 13. Bc2 Be7 14. Nf1 Qb5 15.
c4 Qb6 16. a3 a5 17. Be3 Bc5 18. Bxc5 Qxc5 19. b4 Qa7 20. b5 Nd4 21. Nxd4 Rxd4
22. Rad1 Bd7 23. Ne3 Rc8 24. Rxd4 Qxd4 25. Rd1 Qb6 26. Qd2 Be8 27. Qd3 Qc5 28.
a4 h5 29. Qd2 b6 30. Qd3 Kf8 31. Qd2 Ke7 32. Qd3 Kf8 33. Qd2 Rc7 34. Qd8 Rc8 35.
Qd2 Rc7 36. Qd8 Rd7 37. Rxd7 Nxd7 38. Qh4 g6 39. Qf4 Qe5 40. Qf3 Qd6 41. Qa8 Ke7
42. Qe4 Nc5 43. Qf3 Bd7 44. g4 hxg4 45. hxg4 Bc8 46. g5 Bb7 47. Qf6+ Ke8 48.
Qh8+ Kd7 49. Qf6 Qe7 50. Qe5 Qd6 51. Qf6 Ke8 52. Qh8+ Kd7 53. Qf6 Qe7 54. Qe5
Qd8 55. Kf1 Kc8 56. Ke2 Qc7 1/2-1/2

[Event "Mondiale Lampo FIDE 2019"]
[Site "Mosca"]
[Date "29.12.2019"]
[Round "11.80"]
[White "Kazhgaleyev, Murtas"]
[Black "Gundavaa, Bayarsaikhan"]
[Result "1-0"]
[WhiteTitle "GM"]
[BlackTitle "GM"]
[WhiteElo "2569"]
[BlackElo "2489"]
[WhiteFideId "13700316"]
[BlackFideId "4901045"]
[EventDate "2019.12.29"]

1. d4 Nf6 2. c4 e6 3. Nf3 d5 4. Nc3 c6 5. e3 Nbd7 6. Bd3 dxc4 7. Bxc4 b5 8. Bb3
Bb7 9. O-O a6 10. e4 c5 11. e5 c4 12. Bc2 Nd5 13. Ne4 h6 14. b3 c3 15. a3 a5 16.
Re1 Be7 17. h4 Qc7 18. h5 b4 19. Bd3 Qb6 20. Bc4 Qc6 21. Qd3 Ba6 22. axb4 Bxb4
23. Ba3 Nf4 24. Qe3 Nd5 25. Bxd5 Qxd5 26. Nxc3 Qxb3 27. Bxb4 axb4 28. Ne4 Qxe3
29. Nd6+ Ke7 30. fxe3 Bd3 31. Rad1 Bc2 32. Rd2 b3 33. Rc1 Ra2 34. Ne1 Rb8 35.
Nc4 Be4 36. Nb2 Rba8 37. Rc3 Ra1 38. Kf2 Rb8 39. Ned3 Nb6 40. Nc1 Nd5 41. Rxb3
Rxb3 42. Nxb3 Ra3 43. Nc5 Rxe3 44. Nc4 Rc3 45. Nd6 Rc2 46. Ncxe4 Rc1 47. Ra2 f5
48. Ra7+ Kf8 49. Nc5 Nf4 50. Ra8+ Ke7 51. Re8# 1-0

[Event "Mondiale Lampo FIDE 2019"]
[Site "Mosca"]
[Date "29.12.2019"]
[Round "11.81"]
[White "Potkin, Vladimir"]
[Black "Kim, Alexey"]
[Result "1/2-1/2"]
[WhiteTitle "GM"]
[BlackTitle "GM"]
[WhiteElo "2583"]
[BlackElo "2464"]
[WhiteFideId "4131061"]
[BlackFideId "4129776"]
[EventDate "2019.12.29"]

1. d4 d5 2. c4 e6 3. Nc3 Nf6 4. cxd5 exd5 5. Bg5 c6 6. e3 Be7 7. Bd3 Nbd7 8. Qc2
Nh5 9. Bxe7 Qxe7 10. Nge2 Nhf6 11. O-O O-O 12. Rae1 Nb6 13. Nc1 Be6 14. f3 Rad8
15. Nb3 Nc8 16. Nc5 Rfe8 17. b4 b6 18. Nxe6 fxe6 19. a3 Nd6 20. f4 b5 21. Nb1
Nc4 22. Nd2 a5 23. Nb3 axb4 24. axb4 Qxb4 25. Nc5 Nd7 26. Bxh7+ Kf8 27. f5 Nxc5
28. fxe6+ Ke7 29. dxc5 Qxc5 30. Rf7+ Kd6 31. Bf5 Re7 32. Qc3 Rxf7 33. exf7 Ne5
34. Qa5 Rf8 35. Kh1 Nxf7 36. e4 d4 37. Rd1 Ne5 38. Qa1 d3 39. h3 b4 40. Qa2 Qc4
41. Qa7 g6 42. Qg7 Qf7 43. Rxd3+ Nxd3 44. Qd4+ Kc7 45. Qa7+ Kd6 46. Qd4+ Kc7 47.
Qa7+ Kd6 48. Qd4+ 1/2-1/2

[Event "Mondiale Lampo FIDE 2019"]
[Site "Mosca"]
[Date "29.12.2019"]
[Round "11.82"]
[White "Dragnev, Valentin"]
[Black "Atabayev, Saparmyrat"]
[Result "1-0"]
[WhiteTitle "GM"]
[BlackTitle "IM"]
[WhiteElo "2553"]
[BlackElo "2425"]
[WhiteFideId "1634852"]
[BlackFideId "14000571"]
[EventDate "2019.12.29"]

1. d4 Nf6 2. c4 e6 3. Nf3 d5 4. g3 Be7 5. Bg2 O-O 6. O-O dxc4 7. Qc2 a6 8. a4
Bd7 9. Rd1 Bc6 10. Bg5 a5 11. Nbd2 Na6 12. Nxc4 Nb4 13. Qc1 Be4 14. Nfe5 Bxg2
15. Kxg2 h6 16. Bxf6 Bxf6 17. e4 c6 18. Qc3 Qc7 19. Rd2 Rfd8 20. Rad1 Rac8 21.
h4 b5 22. Ne3 bxa4 23. f4 c5 24. d5 exd5 25. exd5 Qb7 26. Kh2 Qa6 27. d6 Nc6 28.
N3g4 Bxe5 29. fxe5 Nd4 30. Qe3 Qc6 31. Rf2 Qd5 32. Rdf1 Qe6 33. Nf6+ Kh8 34. Qe4
g6 35. Qe3 Kg7 36. h5 Nf5 37. Qe4 Rf8 38. Rxf5 gxf5 39. Rxf5 Rh8 40. Rf4 Qb3 41.
Rg4+ Kf8 42. Qh7 Qxb2+ 43. Kh3 1-0

[Event "Mondiale Lampo FIDE 2019"]
[Site "Mosca"]
[Date "29.12.2019"]
[Round "11.83"]
[White "Mozharov, Mikhail"]
[Black "Baron, Tal"]
[Result "0-1"]
[WhiteTitle "GM"]
[BlackTitle "GM"]
[WhiteElo "2558"]
[BlackElo "2541"]
[WhiteFideId "4189825"]
[BlackFideId "2809958"]
[EventDate "2019.12.29"]

1. c4 c5 2. Nf3 Nf6 3. Nc3 d5 4. cxd5 Nxd5 5. e3 e6 6. Nxd5 exd5 7. b4 cxb4 8.
Bb2 Nc6 9. Nd4 h5 10. Rc1 Rh6 11. Bd3 Qg5 12. O-O Bh3 13. Qf3 Bg4 14. Qg3 h4 15.
f4 hxg3 16. fxg5 gxh2+ 17. Kh1 Rd6 18. Rf4 Bd7 19. Nf5 Rg6 20. Rcf1 Rxg5 21. Nh4
Be6 22. Nf3 Rh5 23. Bb5 a6 24. Bxc6+ bxc6 25. Nd4 Bd6 26. Nxe6 fxe6 27. Rf7
O-O-O 28. Rc1 c5 29. Rxg7 Rf8 30. Ra7 Rhf5 31. g3 Bxg3 32. Kg2 Rf1 33. Rxc5+ Kb8 0-1

[Event "Mondiale Lampo FIDE 2019"]
[Site "Mosca"]
[Date "29.12.2019"]
[Round "11.84"]
[White "Mesropov, Konstantin"]
[Black "Sutovsky, Emil"]
[Result "1/2-1/2"]
[WhiteTitle "IM"]
[BlackTitle "GM"]
[WhiteElo "2422"]
[BlackElo "2643"]
[WhiteFideId "4116887"]
[BlackFideId "2802007"]
[EventDate "2019.12.29"]

1. d4 Nf6 2. Nf3 g6 3. Bf4 Bg7 4. h3 c5 5. e3 O-O 6. c3 cxd4 7. exd4 d6 8. Be2
Nc6 9. O-O Nd5 10. Bc1 Nf6 11. Bf4 Nd5 12. Bc1 1/2-1/2